| 000 | 01187cam a22003017a 4500 | ||
|---|---|---|---|
| 001 | 13772703 | ||
| 003 | OSt | ||
| 005 | 20240216111912.0 | ||
| 008 | 041104s2004 gw a f 000 0 eng d | ||
| 010 | _a 2004275059 | ||
| 020 | _a3764370254 | ||
| 020 | _a9783764370251 | ||
| 040 |
_aNTR _cNTR _dCU _dDLC |
||
| 042 | _alccopycat | ||
| 050 | 0 | 0 |
_aTA666 _b.T472 2004 |
| 082 | 0 | 0 |
_a624.184 _222 _bTIM |
| 245 | 0 | 0 |
_aTimber construction manual / _cHerzog ... [et al.]. |
| 260 |
_aBasel ; _aBoston : _bBirkhäuser, _c2004. |
||
| 300 |
_a375 p. : _bill. (some col.) ; _c31 cm. |
||
| 500 | _a"The original German edition of this book was conceived and developed by Detail, Review of Architecture."--T.p.verso. | ||
| 650 | 0 |
_aBuilding, Wooden _xHandbooks, manuals, etc. _9120647 |
|
| 700 | 1 |
_aHerzog, Thomas, _d1941- _9119357 |
|
| 856 | 4 | 2 |
_3Publisher description _uhttp://www.loc.gov/catdir/enhancements/fy0827/2004275059-d.html |
| 906 |
_a7 _bcbc _ccopycat _d3 _encip _f20 _gy-gencatlg |
||
| 942 |
_2ddc _cBK _aSADA _k624.184 TIM 2004 |
||
| 999 |
_c607819 _d607819 |
||